Statistics for Physical Geography by Letter - C

Click here to take the quiz!

General Stats

  • This quiz has been taken 585 times
    (571 since last reset)
  • The average score is 12 of 20

Answer Stats

ClueAnswer% Correct
African river with two countries named after itCongo
89%
Lowest point between two mountainsCol
78%
World's largest lakeCaspian Sea
76%
Formed the Grand CanyonColorado
74%
Underground chamber in a hillside or cliffCave
73%
Often called Global warmingClimate Change
71%
Steep rock faces often found on the coastlineCliff
70%
Tenerife, Lanzarote, FuerteventuraCanary Islands
68%
Located at the top of a volcanoCrater
68%
Outer layer of Earth, consisting of platesCrust
67%
4-7 of these landmasses on EarthContinent
66%
Massachusetts peninsulaCape Cod
59%
Formed by river eroding rock, creating
ravine with steep cliffs either side
Canyon
56%
Thin, wispy cloudsCirrus
55%
Spiralling winds around a low pressureCyclone
55%
Group of islands in Atlantic once called the West IndiesCaribbean
48%
Upper layers of the forestCanopy
47%
Formed after a volcano collapsesCaldera
27%
When ice breaks off a glacier, creating icebergsCalving
18%
Also known as a StratovolcanoComposite volcano
5%

Score Distribution

Percentile by Number Answered

Percent of People with Each Score

Your Score History

You have not taken this quiz since the last reset